Citations... - Statistiques

Statistiques générales
  • Ce quiz a été pris 81 fois
  • Le résultat moyen est 3 sur 5
Statistiques - réponses
Question Réponse % Correct
Qui a dit: « Vis comme si tu devais mourir demain. Apprends comme si tu devais vivre toujours » Gandhi
75%
Un jour, un homme a rigoureusement étudié la nature humaine pour mieux comprendre le fonctionnement de la société: pourquoi y a-t-il des guerre?, comment sont les hommes au plus profond d’eux?, comment vivent-ils en société? Puis après avoir longuement réfléchit, il en ait arrivé à la conclusion que « l’homme est un loup pour l’homme ». Qui était cet homme? Hobbes
75%
Un autre homme à un jour pensé le contraire du précédent en disant: «La nature a fait l’homme heureux et bon, mais la société le déprave et le rends misérable ». Qui est-il? Jean-Jacques Rousseau
50%
Parmi ces citations quelle est celle qu’a écrit Oscar Wilde dans son livre: «  Le portrait de Dorian Gray »? « Les méchants ne sont pas toujours punis, ni les bons récompensés. »
25%
Cette citation signifie que la science doit être soumise à la moralité pour éviter les débordements. Permis la liste ci-dessous, lequel est le bon? « Science sans conscience n'est que ruine de l'âme. »
25%
Aucun quiz correspondant
Distribution des résultats
% des personnes avec chaque résultat
Percentile par nombre de réponses
Votre historique - résultats
Vous n’avez pas pris ce quiz